[Event "La Bordeta op"]
[Site "La Bordeta"]
[Date "1999.??.??"]
[Round "6"]
[White "Moskalenko, Viktor"]
[Black "Vilar Lopez, Monica"]
[Result "1-0"]
[WhiteElo "2470"]
[BlackElo "2155"]

1.d4 Nf6 2.c4 e6 3.Nc3 Bb4 4.f3 d5 5.a3 Bxc3+ 6.bxc3 c5 7.cxd5 Nxd5 8.dxc5 Qa5
9.e4 Nf6 10.Be3 Nfd7 11.a4 Nc6 12.Bb5 O-O 13.Ne2 a6 14.Bxc6 bxc6 15.Qd6 Rb8
16.Kf2 Rb2 17.Rhd1 Qxc3 18.Bd4 Rxe2+ 19.Kxe2 Qc4+ 20.Kf2 f5 21.exf5 Qc2+
22.Kg1 Qxf5 23.Qxc6 e5 24.Qd5+ Kh8 25.c6 exd4 26.Qxf5  1-0

[Event "Eliskases mem"]
[Site "Rio de Janeiro"]
[Date "1999.??.??"]
[Round "5"]
[White "Teixeira, Ricardo da Silva"]
[Black "Porto, Cristiano"]
[Result "1-0"]
[WhiteElo "2345"]
[BlackElo "2000"]

1.d4 Nf6 2.c4 e6 3.Nc3 Bb4 4.f3 d5 5.a3 Bxc3+ 6.bxc3 Nbd7 7.e3 b6 8.cxd5 exd5
9.Bd3 Bb7 10.Ne2 O-O 11.O-O Re8 12.c4 c5 13.cxd5 cxd4 14.e4 Nc5 15.Bb5 d3
16.Nf4 Re7 17.Nxd3 Nfd7 18.Nxc5 bxc5 19.Bg5 f6 20.Bf4 a6 21.Bc4 Re8 22.Rb1 Ra7
23.Qb3 Ne5 24.Bxe5 fxe5 25.Qb6 Qxb6 26.Rxb6 Kf8 27.Rfb1 Bc8 28.Rc6 Rb7 29.Rxb7 Bxb7
30.Rxc5 Rc8 31.Rxc8+ Bxc8 32.f4 exf4 33.e5 Ke7 34.Kf2 Kd7 35.Kf3 g5 36.h4 gxh4
37.Kxf4 Ke7 38.Bd3 Bb7 39.d6+ Kd7 40.Bf5+ Kd8 41.e6 Bd5 42.e7+ Ke8 43.Bxh7 Bf7
44.Bc2 Kd7 45.Ke5  1-0

[Event "Open"]
[Site "Cannes FRA"]
[Date "2000.02.23"]
[Round "4"]
[White "Grandmougin,O"]
[Black "Peyrin,J"]
[Result "0-1"]
[WhiteElo "2139"]
[BlackElo "2073"]

1.d4 Nf6 2.c4 e6 3.Nc3 Bb4 4.f3 c5 5.a3 Bxc3+ 6.bxc3 O-O 7.e4 d6 8.Bd3 e5
9.Ne2 Nc6 10.d5 Ne7 11.O-O Ne8 12.f4 exf4 13.Bxf4 Ng6 14.Ng3 Nxf4 15.Rxf4 g6
16.h4 Nf6 17.h5 Nd7 18.hxg6 fxg6 19.Rxf8+ Qxf8 20.Qd2 Ne5 21.Rf1 Qe7 22.Ne2 Bd7
23.Nf4 Rf8 24.Be2 Qh4 25.Qe3 Bg4 26.Bxg4 Nxg4 27.Qh3 Qxh3 28.Nxh3 Rxf1+ 29.Kxf1 Ne3+
30.Kf2 Nxc4 31.Ke2 Nxa3 32.Kd3 Nb5 33.Ng5 Kf8 34.Ne6+ Ke7 35.c4 Na3 36.e5 b5
37.cxb5 Nxb5 38.Kc4 a6 39.Ng5 dxe5 40.Kxc5 h6 41.Ne4 h5 42.d6+ Nxd6 43.Nxd6 Ke6
44.Nc4 g5 45.Kb6 Kd5 46.Nd2 g4 47.Kxa6 e4 48.Nf1 Kd4 49.Kb5 e3 50.Ng3 h4  0-1

[Event "II Vince Toth Mem"]
[Site "Rio de Janeiro BRA"]
[Date "2000.02.25"]
[Round "1"]
[White "Sant'Ana,Ri"]
[Black "Mitkov,N"]
[Result "0-1"]
[WhiteElo "2180"]
[BlackElo "2547"]

1.d4 Nf6 2.c4 e6 3.Nc3 Bb4 4.f3 d5 5.a3 Be7 6.e4 c5 7.cxd5 exd5 8.e5 Nfd7
9.f4 Nc6 10.Nf3 O-O 11.Nxd5 cxd4 12.Nxe7+ Qxe7 13.Bc4 Nb6 14.Bb3 Bf5 15.O-O Rfd8
16.Ng5 Nd5 17.Qf3 Qc5 18.Ne4 Bxe4 19.Qxe4 d3+ 20.Kh1 Qd4 21.Bxd5 Rxd5 22.Qxd4 Nxd4
23.Bd2 Rc8 24.Rac1 Rc2 25.Rxc2 dxc2 26.Rc1 h5 27.h3 Nb3 28.Rxc2 Rxd2 29.Rc8+ Kh7
30.Rc7 Kg6 31.Rxb7 Nc5 32.Rxa7 Rxb2 33.f5+ Kxf5 34.Rxf7+ Kg6 35.Rc7 Ne6 36.Rc6 Kf5
37.g4+ hxg4 38.hxg4+ Kxe5 39.Rc4 g5 40.Rb4 Rxb4 41.axb4 Nd4 42.Kg2  0-1

[Event "3rd Open"]
[Site "Malaga ESP"]
[Date "2000.02.28"]
[Round "4"]
[White "Baches Garcia,G"]
[Black "Baron Rodriguez,Je"]
[Result "1/2-1/2"]
[WhiteElo "2358"]
[BlackElo "2392"]

1.d4 Nf6 2.c4 e6 3.Nc3 Bb4 4.f3 d5 5.a3 Bxc3+ 6.bxc3 c5 7.cxd5 Nxd5 8.dxc5 Qa5
9.e4 Ne7 10.Be3 O-O 11.Qb3 Nd7 12.Qb4 Qc7 13.Bb5 Nc6 14.Qb3 Na5 15.Qb4 Nc6
16.Qb3 Na5 17.Qb4 Ne5 18.Nh3 Bd7 19.Be2 Nec6 20.Qb2 e5 21.Nf2 Be6 22.Qb5 Rfd8
23.O-O Rd7 24.Rfd1 Rad8 25.Rab1 h6  1/2-1/2

[Event "II Vince Toth Mem"]
[Site "Rio de Janeiro BRA"]
[Date "2000.03.01"]
[Round "7"]
[White "Sant'Ana,Ri"]
[Black "Galego,L"]
[Result "0-1"]
[WhiteElo "2180"]
[BlackElo "2451"]

1.d4 Nf6 2.c4 e6 3.Nc3 Bb4 4.f3 d5 5.a3 Be7 6.e4 dxe4 7.fxe4 e5 8.d5 Bc5
9.Nf3 Bg4 10.Be2 O-O 11.Bg5 Nbd7 12.Qd2 h6 13.Be3 c6 14.O-O Qb6 15.Bxc5 Nxc5
16.Qe3 Ncxe4 17.Qxb6 axb6 18.dxc6 Nxc3 19.bxc3 bxc6 20.h3 Bxf3 21.Bxf3 e4
22.Be2 Rfd8 23.c5 bxc5 24.c4 Rd2 25.Kf2 Rb2 26.g4 Rb3 27.a4 Rxh3  0-1

[Event "Amber Blindfold"]
[Site "Monaco MNC"]
[Date "2000.03.23"]
[Round "7"]
[White "Ivanchuk,V"]
[Black "Van Wely,L"]
[Result "1-0"]
[WhiteElo "2709"]
[BlackElo "2646"]

1.d4 Nf6 2.c4 e6 3.Nc3 Bb4 4.f3 d5 5.a3 Bxc3+ 6.bxc3 c5 7.cxd5 Nxd5 8.dxc5 Qa5
9.e4 Nf6 10.Be3 O-O 11.Qb3 Nc6 12.Bb5 e5 13.Ne2 Be6 14.Bc4 Bxc4 15.Qxc4 Rac8
16.Kf2 Rfd8 17.Rab1 Rd7 18.a4 Qd8 19.Rb5 Rcc7 20.Rhb1 h5 21.Ng1 Nh7 22.Nh3 Kh8
23.Ke2 Nf8 24.Nf2 Ne6 25.Kf1 Kg8 26.Qb3 Nf4 27.Rd1 Nd3 28.Nxd3 Rxd3 29.Rxd3 Qxd3+
30.Kf2 Qd7 31.Qa2 Qd8 32.Qe2 g6 33.Rb2 Rd7 34.Rd2 Rxd2 35.Qxd2 Qxd2+ 36.Bxd2 Kg7
37.Ke3 Kf6 38.Kd3 Ke6 39.Kc4 f6 40.Kb5 Kd7 41.g4 hxg4 42.fxg4 g5 43.Be1 Kc7
44.h4 Nd8 45.h5 Nf7 46.c6 a6+ 47.Kc5 bxc6 48.c4 Nh6 49.Ba5+ Kd7 50.Kb6 Nxg4
51.Kxa6 Nh6 52.Bd2 Nf7 53.Kb7 Nd6+ 54.Kb8 Ke6 55.a5 Nxe4 56.a6 Nf2 57.a7  1-0

[Event "Open"]
[Site "Bad Wildbad GER"]
[Date "2000.04.03"]
[Round "5"]
[White "Bopp,T"]
[Black "Becker,Marce"]
[Result "1-0"]
[WhiteElo "2208"]
[BlackElo "2254"]

1.d4 e6 2.c4 Nf6 3.Nc3 Bb4 4.f3 d5 5.a3 Bxc3+ 6.bxc3 c5 7.e3 Nc6 8.cxd5 Nxd5
9.Ne2 f5 10.Bd2 O-O 11.dxc5 e5 12.c4 Nc7 13.Nc3 Be6 14.Qb3 Na5 15.Qc2 Qh4+
16.g3 Qd8 17.Rd1 Na6 18.Nd5 Nxc5 19.Bc3 Nc6 20.Qc1 Qg5 21.f4 exf4 22.exf4 Qg6
23.Bg2 Ne4 24.O-O Rf7 25.Rfe1 Rd8 26.Be5 Rfd7 27.Bc7 Rc8 28.Be5 h5 29.Ne3 Rcd8
30.Rxd7 Rxd7 31.Rd1 Rxd1+ 32.Qxd1 Kh7 33.Bb2 h4 34.Bxe4 fxe4 35.g4 Qf7 36.Nd5 Na5
37.f5 Bxd5 38.cxd5 Nc4 39.Bc3 Ne3 40.Qd4 Nxd5 41.g5 Qd7 42.g6+ Kg8 43.Bb2 Nf6
44.Qxd7 Nxd7 45.Bd4 b6 46.Kf2 Nc5 47.Bxc5 bxc5 48.Ke3 Kf8 49.Kxe4 Ke7 50.Ke5 c4
51.Kd4 Kf6 52.Kxc4 Kxf5 53.a4 Kg4 54.Kd5 a5 55.Ke6 Kg5 56.Kf7  1-0

[Event "19th Open"]
[Site "Reykjavik ISL"]
[Date "2000.04.05"]
[Round "1"]
[White "Halldorsson,Br"]
[Black "Sokolov,I"]
[Result "0-1"]
[WhiteElo "2243"]
[BlackElo "2637"]

1.d4 Nf6 2.c4 e6 3.Nc3 Bb4 4.f3 d5 5.a3 Bxc3+ 6.bxc3 c5 7.cxd5 exd5 8.e3 Qc7
9.Ra2 Bf5 10.Ne2 cxd4 11.cxd4 Nbd7 12.g4 Bg6 13.Nf4 Rc8 14.Bd2 Bc2 15.Qa1 g5
16.Bd3 Bxd3 17.Nxd3 h5 18.gxh5 Rxh5 19.Ne5 Nxe5 20.dxe5 Nd7 21.f4 Qc4 22.Qd1 Rh4
23.Ra1 Nc5 24.Qe2 Nd3+ 25.Kf1 Qe4 26.Rg1 Rxh2 27.Rg2 Rxg2 28.Qxg2 Qxg2+ 29.Kxg2 Rc2  0-1

[Event "19th Open"]
[Site "Reykjavik ISL"]
[Date "2000.04.07"]
[Round "3"]
[White "Lampen,T"]
[Black "Marks,H"]
[Result "1-0"]
[WhiteElo "2307"]
[BlackElo "2085"]

1.d4 Nf6 2.c4 e6 3.Nc3 Bb4 4.f3 d5 5.a3 Bxc3+ 6.bxc3 c5 7.cxd5 exd5 8.e3 Qc7
9.Ra2 Bf5 10.Ne2 cxd4 11.cxd4 Nbd7 12.g4 Bg6 13.Bg2 Rc8 14.O-O Bc2 15.Qe1 Nb6
16.Rf2 O-O 17.g5 Nfd7 18.Bd2 Bf5 19.Ng3 Be6 20.Ra1 Nc4 21.f4 Nxd2 22.Qxd2 f5
23.gxf6 Nxf6 24.f5 Bf7 25.e4 dxe4 26.Nxe4 b6 27.Nxf6+ gxf6 28.Qh6 Qe7 29.Bb7 Qxb7
30.Rg2+ Qxg2+ 31.Kxg2 Bd5+ 32.Kf1 Rf7 33.Rc1 Rxc1+ 34.Qxc1 Be4 35.Qc8+ Kg7
36.Qe6 Bd3+ 37.Kf2 Rf8 38.Kg3 Rf7 39.Kf4 Bc2 40.Qe8 Bb3 41.Qd8 Bc4 42.Ke3 Rf8
43.Qd7+ Rf7 44.Qc6 Re7+ 45.Kf4 Bf7 46.Qd6 Rb7 47.Qd8 Bb3 48.Qe8 Bf7 49.Qc8 Re7
50.Qd8 Re1 51.d5 Rf1+ 52.Kg4 h5+ 53.Kg3 Rxf5 54.d6 Rg5+ 55.Kf3 Kg6 56.Qe7 Rf5+
57.Ke3 Rf1 58.Qe4+ Kh6 59.d7 Re1+ 60.Kd4 Rd1+ 61.Qd3  1-0

[Event "Bank Pocztowy Open"]
[Site "Bydgoszcz POL"]
[Date "2000.05.29"]
[Round "2"]
[White "Kantorik,M"]
[Black "Rybak,T"]
[Result "1-0"]
[WhiteElo "2303"]
[BlackElo "2174"]

1.d4 Nf6 2.c4 e6 3.Nc3 Bb4 4.f3 c5 5.d5 b5 6.e4 bxc4 7.Bxc4 exd5 8.Bxd5 Nxd5
9.Qxd5 Nc6 10.a3 Qa5 11.Ne2 Bxc3+ 12.Nxc3 Ba6 13.Be3 Rb8 14.Ra2 O-O 15.b4 Qc7
16.Bxc5 Ne5 17.Rd2 Rfc8 18.Nd1 Nc4 19.Rd4 Nxa3 20.Qa2 Nc2+ 21.Qxc2 d6 22.Rd5 dxc5
23.Rxc5 Qb6 24.Qc3 Qxb4 25.Qxb4 Rxb4 26.Rxc8+ Bxc8 27.Kd2 Be6 28.Ne3 Rb2+
29.Kc3 Rb3+ 30.Kd4 a5 31.Ra1 Rb5 32.g4 h5 33.h3 Kf8 34.Nd5 hxg4 35.hxg4 g6
36.Nc7 Rb3 37.Nxe6+ fxe6 38.Rxa5 Rxf3 39.Ke5 Rg3 40.Kf6 Kg8 41.g5 Rg4 42.Ra8+ Kh7
43.Ra7+ Kg8 44.Kxg6 Kf8 45.e5 Rf4 46.Ra8+ Ke7 47.Kg7 Rf5 48.Ra7+ Ke8 49.g6 Rf1
50.Kh6 Rg1 51.g7  1-0

[Event "Kaissa CC"]
[Site "Kharkov UKR"]
[Date "2000.05.30"]
[Round "3"]
[White "Simantsev,M"]
[Black "Katuzian,V"]
[Result "1-0"]
[WhiteElo "2447"]
[BlackElo "2283"]

1.d4 Nf6 2.c4 e6 3.Nc3 Bb4 4.f3 c5 5.d5 Bxc3+ 6.bxc3 d6 7.e4 e5 8.Bd3 Nbd7
9.Ne2 Nf8 10.O-O Qe7 11.Rb1 Ng6 12.Bc2 O-O 13.Ng3 Re8 14.Ba4 Rd8 15.Nf5 Bxf5
16.exf5 Nf8 17.Re1 Ne8 18.Bc2 Rab8 19.a4 Nd7 20.Be3 Nc7 21.Qd3 f6 22.Qe4 Qf7
23.g4 Kf8 24.a5 Ke7 25.Ba4 Rg8 26.Rb2 b5 27.cxb5 Qxd5 28.c4 Qxe4 29.fxe4 Rb7
30.Rd1 Rbb8 31.Rbd2 Ne8 32.Kf2 Rh8 33.h4 Rg8 34.Kf3 Rf8 35.Rb2 Nc7 36.Rxd6 Kxd6
37.Rd2+ Ke7 38.b6  1-0

[Event "Guillermo Garcia Premier II"]
[Site "Santa Clara CUB"]
[Date "2000.06.05"]
[Round "10"]
[White "Arencibia,W"]
[Black "Del Rio Angelis,S"]
[Result "1-0"]
[WhiteElo "2529"]
[BlackElo "2463"]

1.d4 e6 2.c4 Nf6 3.Nc3 Bb4 4.f3 d5 5.a3 Bxc3+ 6.bxc3 c5 7.cxd5 Nxd5 8.dxc5 f5
9.Nh3 O-O 10.Nf4 Nc6 11.Nxd5 exd5 12.Bf4 Be6 13.e3 Qa5 14.Qd3 Qxc5 15.Be2 Rad8
16.Kf2 Ne7 17.Qd4 Qxd4 18.cxd4 Rc8 19.Rab1 b6 20.Rhc1 Rxc1 21.Rxc1 Rc8 22.Bc7 Ra8
23.Ba6 Bc8 24.Bd3 Bd7 25.h3 Rf8 26.Ke2 Rf6 27.g4 fxg4 28.hxg4 Rc6 29.Rxc6 Nxc6
30.Kf2 Kf7 31.Kg3 h6 32.f4 Kf6 33.e4 dxe4 34.Bxe4 Kf7 35.d5 Nd4 36.Be5 Nb5
37.a4 Na3 38.d6 b5 39.Bd5+ Kf8 40.axb5 Nxb5 41.f5 a5 42.Be6 Ke8 43.Bxd7+ Kxd7
44.Bxg7 Kxd6 45.Bxh6 Ke5 46.Bg7+ Ke4 47.Kh4 a4 48.Kg5 a3 49.Ba1 Nc7 50.Kg6  1-0

[Event "White Nights Women"]
[Site "St Petersburg RUS"]
[Date "2000.07.04"]
[Round "11"]
[White "Ovod,E"]
[Black "Sirotkina,N"]
[Result "1-0"]
[WhiteElo "2318"]
[BlackElo "2284"]

1.d4 Nf6 2.c4 e6 3.Nc3 Bb4 4.f3 c5 5.d5 d6 6.e4 Bxc3+ 7.bxc3 e5 8.Bd3 O-O
9.Ne2 Qe7 10.O-O h6 11.Ng3 Re8 12.Rb1 Nh7 13.Rb2 g5 14.Re2 Na6 15.Qc2 Nf8
16.Nf5 Bxf5 17.exf5 Qf6 18.g3 Nc7 19.h4 Nh7 20.hxg5 hxg5 21.Rh2 Qg7 22.Kf2 Nf6
23.Be4 Kf8 24.Qd2 g4 25.Qg5 gxf3 26.Kxf3 Rec8 27.Rfh1 Nce8 28.Rh8+ Ke7 29.Rxe8+  1-0

[Event "2nd ShakkiNet IM"]
[Site "Helsinki FIN"]
[Date "2000.07.16"]
[Round "7"]
[White "Lampen,T"]
[Black "Raaste,E"]
[Result "1-0"]
[WhiteElo "2307"]
[BlackElo "2349"]

1.d4 Nf6 2.c4 e6 3.Nc3 Bb4 4.f3 d5 5.a3 Bxc3+ 6.bxc3 c5 7.cxd5 Nxd5 8.dxc5 Qa5
9.e4 Ne7 10.Be3 O-O 11.Qb3 Nec6 12.a4 Na6 13.Bb5 e5 14.Ne2 Be6 15.Qa3 Nc7
16.Qb2 Rab8 17.O-O Na6 18.Rfd1 Qc7 19.f4 Na5 20.f5 Bb3 21.Rd7 Qc8 22.f6 Nxc5
23.fxg7 Re8 24.Rd6 Nxe4 25.Rh6 Re6 26.Rh4 f5 27.Ng3 Nxg3 28.hxg3 Rg6 29.Bxa7 Ra8
30.Bf2 Qe6 31.Re1 Rxg7 32.Bd4 Qg6 33.Bxe5 Re7 34.Qf2 Nc6 35.Bxc6 bxc6 36.Bd4 Rxe1+
37.Qxe1 Re8 38.Qd2 Bd5 39.Bf2 Ra8 40.Qf4 h5 41.Qc7 Qf7 42.Qd6 Qe6 43.Qf4 Qg6
44.a5 Bf7 45.Qc7 Qe6 46.Rb4 Kh7 47.Rb1 Qd5 48.Rb7 Kg6 49.Rb6 Rxa5 50.Rxc6+ Kh7
51.Rf6 Kg8 52.Bd4 Ra2 53.Qc8+ Kh7 54.Rh6+  1-0

[Event "ch-Paris"]
[Site "Paris FRA"]
[Date "2000.07.18"]
[Round "4"]
[White "Chardin,T"]
[Black "Valuet,B"]
[Result "0-1"]
[WhiteElo "2064"]
[BlackElo "2230"]

1.d4 Nf6 2.c4 e6 3.Nc3 Bb4 4.f3 d5 5.a3 Be7 6.e4 dxe4 7.fxe4 e5 8.dxe5 Qxd1+
9.Kxd1 Ng4 10.Nh3 Nc6 11.Nd5 Bd8 12.Kc2 Ncxe5 13.Be2 c6 14.Ne3 g6 15.Nxg4 Bxg4
16.Bxg4 Nxg4 17.Ng5 O-O 18.h3 Ne5 19.b3 Re8 20.Rf1 b5 21.c5 a5 22.Nf3 Nd7
23.Ng5 Bxg5 24.Bxg5 Nxc5 25.Rae1 Nxe4 26.Bh6 Ng3 27.Rxe8+ Rxe8 28.Rf6 Nf5
29.Bd2 Nd4+ 30.Kc3 Re6 31.Rf2 c5 32.b4 axb4+ 33.axb4 Ne2+ 34.Rxe2 Rxe2 35.bxc5 Re4  0-1

[Event "10th Open"]
[Site "Jyvaskyla FIN"]
[Date "2000.07.19"]
[Round "1"]
[White "Salmela,H"]
[Black "Solozhenkin,E"]
[Result "0-1"]
[WhiteElo "2031"]
[BlackElo "2504"]

1.d4 Nf6 2.c4 e6 3.Nc3 Bb4 4.f3 d5 5.a3 Bxc3+ 6.bxc3 c5 7.cxd5 Nxd5 8.Qd3 b6
9.Qb5+ Qd7 10.e4 Nxc3 11.Qxd7+ Nxd7 12.Be3 Na4 13.Bb5 cxd4 14.Bxd4 Nc5 15.Bxc5 bxc5
16.Rc1 Rb8 17.Rxc5 Ke7 18.Bxd7 Rb1+ 19.Kd2 Bxd7 20.Rc1 Rhb8 21.Ne2 R8b2+
22.Ke3 Rb3+ 23.Kd4 R1b2  0-1

[Event "ch-Paris"]
[Site "Paris FRA"]
[Date "2000.07.21"]
[Round "7"]
[White "Nguyen Chi Minh"]
[Black "Souevamanien,P"]
[Result "0-1"]
[WhiteElo "2237"]
[BlackElo "2162"]

1.d4 Nf6 2.c4 e6 3.Nc3 Bb4 4.f3 c5 5.a3 Bxc3+ 6.bxc3 d6 7.Bg5 h6 8.Bh4 Nc6
9.e3 e5 10.Ne2 b6 11.Nc1 exd4 12.cxd4 Qe7 13.Bf2 Nxd4 14.Bd3 Bb7 15.O-O Nc6
16.a4 Ne5 17.a5 Ba6 18.Qb3 O-O 19.Be2 d5 20.cxd5 Bxe2 21.Nxe2 c4 22.Qd1 Nd3
23.e4 b5 24.Nd4 a6 25.Nf5 Qd7 26.Bd4 Nxd5 27.Bxg7 Ne3 28.Nxe3 Kxg7 29.f4 Kh7
30.Qh5 Rg8 31.Nd5 Rg6 32.f5 Rc6 33.f6 Rg8 34.Ne7 Qd4+  0-1

[Event "MTO Open"]
[Site "Biel SUI"]
[Date "2000.07.24"]
[Round "1"]
[White "Radjabov,T"]
[Black "Buss,R"]
[Result "1-0"]
[WhiteElo "2476"]
[BlackElo "2183"]

1.d4 Nf6 2.c4 e6 3.Nc3 Bb4 4.f3 c5 5.d5 exd5 6.cxd5 d6 7.e4 O-O 8.Bd3 Re8
9.Ne2 Nbd7 10.O-O a6 11.Be3 b5 12.Bf2 c4 13.Bc2 Bc5 14.Nd4 Ne5 15.h3 Qb6
16.Qd2 Bd7 17.a3 Rac8 18.g4 a5 19.Kg2 Nd3 20.Bxd3 Bxd4 21.Be2 Bxf2 22.Rxf2 b4
23.Nd1 Re7 24.axb4 Qxb4 25.Qc3 Rc5 26.Ne3 Qxc3 27.bxc3 a4 28.Nxc4 Bb5 29.Nxd6 Bxe2
30.Rxe2 Nxd5 31.Rb2 Nf4+ 32.Kg3 g5 33.Rb8+ Kg7 34.Nf5+ Rxf5 35.gxf5 Ra7 36.h4 h6
37.hxg5 hxg5 38.Kg4 f6 39.Rab1  1-0

[Event "KB Czech Open"]
[Site "Pardubice CZE"]
[Date "2000.07.25"]
[Round "5"]
[White "Szymanski,M"]
[Black "Bokros,A"]
[Result "1-0"]
[WhiteElo "2325"]
[BlackElo "2479"]

1.d4 Nf6 2.c4 e6 3.Nc3 Bb4 4.f3 d5 5.a3 Be7 6.e4 c5 7.cxd5 exd5 8.e5 Nfd7
9.f4 cxd4 10.Nb5 Nc6 11.Nf3 Qb6 12.Bd3 a6 13.Nd6+ Bxd6 14.exd6 O-O 15.O-O Nf6
16.f5 Ne4 17.f6 Nxf6 18.Ng5 Ne4 19.Qh5 Nxg5 20.Bxg5 f5 21.Rae1 Bd7 22.g4 g6
23.Qh6 Qb3 24.Rf3 Rf7 25.Rh3 Ne5 26.Bf6 Re8 27.Rxe5 Qd1+ 28.Bf1 Rxe5 29.Qxg6+ Kf8
30.Be7+ Rexe7 31.dxe7+ Kxe7 32.Qg5+ Kd6 33.Qf4+ Kc5 34.Qc7+ Bc6 35.Qxf7  1-0

[Event "World Open"]
[Site "Philadelphia USA"]
[Date "2000.07.28"]
[Round "1"]
[White "Solon,N"]
[Black "Ashley,M"]
[Result "0-1"]
[WhiteElo "2283"]
[BlackElo "2499"]

1.d4 Nf6 2.c4 e6 3.Nc3 Bb4 4.f3 d5 5.a3 Bxc3+ 6.bxc3 c5 7.cxd5 exd5 8.e3 O-O
9.Bd3 b6 10.Ne2 Ba6 11.Bxa6 Nxa6 12.O-O Nc7 13.Nf4 Re8 14.a4 Ne6 15.Nd3 Nd7
16.Ba3 Rc8 17.Rc1 Qh4 18.Rb1 Red8 19.Qd2 Rc7 20.Qa2 Qh5 21.Rfc1 Rdc8 22.Qf2 Qf5
23.Qe2 Qg6 24.Qd2 h6 25.dxc5 bxc5 26.c4 dxc4 27.Nf2 Ne5 28.Qe2 Nd3 29.Rd1 Rd7
30.Qc2 Rcd8 31.Ne4 Ng5 32.Ng3 Nb4 33.Qe2 Rd2 34.Rxd2 Rxd2 35.Qxd2 Qxb1+ 36.Nf1 Qb3
37.Bb2 Nd3 38.Bc3 Qxa4 39.h4 Ne6 40.Ng3 Qb3 41.Nf5 Qb1+ 42.Kh2 Qc1 43.Nd6 Qxd2
44.Bxd2 Nb2 45.Kg3 a6 46.Kf2 c3  0-1

[Event "Eikrem mem"]
[Site "Gausdal NOR"]
[Date "2000.07.31"]
[Round "2"]
[White "Lampen,T"]
[Black "Yakovich,Y"]
[Result "0-1"]
[WhiteElo "2308"]
[BlackElo "2585"]

1.d4 Nf6 2.c4 e6 3.Nc3 Bb4 4.f3 c5 5.d5 O-O 6.e4 d6 7.Ne2 b5 8.a3 Ba5 9.Ng3 Re8
10.Bd2 b4 11.Nce2 Na6 12.Nf4 bxa3 13.Rxa3 Bb4 14.Ra1 Bxd2+ 15.Qxd2 Nb4 16.Be2 exd5
17.cxd5 Bd7 18.O-O a5 19.b3 Qe7 20.Bc4 a4 21.bxa4 Bxa4 22.Nf5 Qe5 23.Nd3 Nxd3
24.Bxd3 Bd7 25.Rxa8 Rxa8 26.f4 Nxe4 27.Bxe4 Qxe4 28.Nxd6 Qg6 29.Nc4 Bb5 30.Ne5 Qd6
31.Rd1 f6 32.Ng4 Ra4 33.Qb2 Bd7 34.Nf2 Rxf4 35.Qb1 f5 36.Qb7 h6 37.Re1 Rd4
38.Qa8+ Kh7 39.h3 Qxd5 40.Qf8 Bc6  0-1

[Event "Proclient Cup"]
[Site "Olomouc CZE"]
[Date "2000.08.05"]
[Round "6"]
[White "Szymanski,M"]
[Black "Held,M"]
[Result "1-0"]
[WhiteElo "2325"]
[BlackElo "2183"]

1.d4 Nf6 2.c4 e6 3.Nc3 Bb4 4.f3 d5 5.a3 Bxc3+ 6.bxc3 c5 7.cxd5 Nxd5 8.Qd3 cxd4
9.cxd4 Nc6 10.e4 Nb6 11.Be3 O-O 12.Nh3 f5 13.Rd1 fxe4 14.Qxe4 Qd5 15.Bd3 Qxe4
16.fxe4 e5 17.d5 Bxh3 18.gxh3 Na5 19.Rf1 Rxf1+ 20.Bxf1 Nac4 21.Bxc4 Nxc4
22.Ke2 b5 23.Bc5 a6 24.Rf1 h6 25.Be7 Ra7 26.Rf8+ Kh7 27.Re8 Kg6 28.Bd6 Nxd6
29.Re6+ Kf7 30.Rxd6 Rc7 31.Kd3 Rc1 32.Rxa6 Rh1 33.Kc3 Rxh2 34.Kb4 Rxh3 35.Kxb5 Rc3
36.a4 h5 37.a5 h4 38.Ra8 g5 39.a6 Kg7 40.a7 Ra3 41.d6 Rd3 42.Rd8  1-0

[Event "TCh-ESP"]
[Site "Barcelona ESP"]
[Date "2000.08.10"]
[Round "6"]
[White "Cano Sanchez,J"]
[Black "Hernando Rodrigo,Jo"]
[Result "1/2-1/2"]
[WhiteElo "2361"]
[BlackElo "2343"]

1.d4 e6 2.c4 Nf6 3.Nc3 Bb4 4.f3 c5 5.d5 b5 6.e4 bxc4 7.Bxc4 exd5 8.Bxd5 Nxd5
9.Qxd5 Nc6 10.Ne2 Ba6 11.Be3 O-O 12.a3 Bxe2 13.Kxe2 Bxc3 14.bxc3 Rb8 15.Rab1 Qa5
16.Bxc5 Rfe8 17.Kf2 h6 18.Bd6 Rxb1 19.Rxb1 Qxc3 20.Rd1 Rc8 21.Rd2 Qf6 22.Rc2 Re8  1/2-1/2

[Event "IV Russian Cup Final"]
[Site "Elista RUS"]
[Date "2000.08.28"]
[Round "9"]
[White "Utnasunov,A"]
[Black "Grigoriants,S RUS"]
[Result "0-1"]
[WhiteElo "2257"]
[BlackElo "2503"]

1.d4 Nf6 2.c4 e6 3.Nc3 Bb4 4.f3 d5 5.a3 Bxc3+ 6.bxc3 c5 7.cxd5 Nxd5 8.dxc5 Qa5
9.e4 Ne7 10.Be3 Nd7 11.Qb3 O-O 12.Nh3 Qc7 13.Qb4 Nc6 14.Qb2 Nce5 15.Qb4 b6
16.cxb6 axb6 17.Bb5 Ba6 18.Bxa6 Rxa6 19.O-O Nc4 20.Bf2 Rfa8 21.a4 Qc6 22.Rfd1 Nf8
23.Rd4 Rxa4 24.Rxa4 Rxa4 25.Qb3 b5 26.Rd1 e5 27.g3 Ne6 28.Rd5 Ra5 29.Ng5 Nf8
30.Qb4 Qe8 31.Kg2 f6 32.Nh3 Ne6 33.Ng1 Ra2 34.Rxb5 Rb2 35.Qxc4 Rxb5 36.Ne2 Rb2
37.Nc1 Kf7 38.Nd3 Rd2 39.Nb4 Qd7 40.Kf1 Rd1+ 41.Kg2 Rd2 42.Kf1 Qa4 43.Kg2 Qa7
44.Qf1 Ng5 45.Qe1 Qd7 46.g4 h5 47.h3 hxg4 48.hxg4 Qd8 49.Qh1 Rxf2+ 50.Kxf2 Qd2+
51.Kg1 Qe1+ 52.Kg2 Qxc3  0-1

[Event "chT-POL"]
[Site "Zakopane chT"]
[Date "2000.09.03"]
[Round "2"]
[White "Sygulski,B"]
[Black "Pieniazek,Ar"]
[Result "1/2-1/2"]
[WhiteElo "2355"]
[BlackElo "2394"]

1.d4 Nf6 2.c4 e6 3.Nc3 Bb4 4.f3 d5 5.a3 Bxc3+ 6.bxc3 c5 7.e3 O-O 8.Bd3 b6
9.cxd5 exd5 10.Ne2 Ba6 11.Bxa6 Nxa6 12.O-O Nc7 13.Ng3 Re8 14.Qd3 Ne6 15.Ra2 Rc8
16.Rd2 Qc7 17.Bb2 Ng5 18.Rc1  1/2-1/2

[Event "chT-POL"]
[Site "Zakopane chT"]
[Date "2000.09.05"]
[Round "4"]
[White "Sygulski,B"]
[Black "Staniszewski,Pi"]
[Result "1/2-1/2"]
[WhiteElo "2355"]
[BlackElo "2434"]

1.d4 Nf6 2.c4 e6 3.Nc3 Bb4 4.f3 c5 5.d5 Bxc3+ 6.bxc3 e5 7.e4 d6 8.Bd3 Nbd7
9.Ne2 Qe7 10.Bg5 h6 11.Be3 Kd8 12.h4 Kc7 13.Qd2 Nb6 14.g4  1/2-1/2

[Event "XVI ECC"]
[Site "Neum BIH"]
[Date "2000.09.27"]
[Round "4"]
[White "Golod,V"]
[Black "Rozentalis,E"]
[Result "0-1"]
[WhiteElo "2590"]
[BlackElo "2570"]

1.d4 Nf6 2.c4 e6 3.Nc3 Bb4 4.f3 d5 5.a3 Bxc3+ 6.bxc3 c6 7.Qc2 O-O 8.cxd5 cxd5
9.e4 dxe4 10.fxe4 e5 11.d5 Nbd7 12.Bd3 Nc5 13.Bg5 h6 14.Bh4 Qd6 15.Ne2 Ng4
16.Nc1 f5 17.h3 fxe4 18.hxg4 exd3 19.Nxd3 Qxd5 20.Nf2 Bxg4 21.O-O Bf5 22.Qe2 Rae8
23.Rfe1 b6 24.a4 Bc8 25.Red1 Qc6 26.Qc4+ Kh8 27.Nd3 Bb7 28.Rd2 Ba6 29.Nb4 Bxc4
30.Nxc6 Nb3  0-1

[Event "EuYCh B18"]
[Site "Halkidiki GRE"]
[Date "2000.10.02"]
[Round "1"]
[White "Eriksson,Jon"]
[Black "Handke,F"]
[Result "1/2-1/2"]
[WhiteElo "2224"]
[BlackElo "2455"]

1.d4 Nf6 2.c4 e6 3.Nc3 Bb4 4.f3 d5 5.a3 Bxc3+ 6.bxc3 c5 7.cxd5 Nxd5 8.dxc5 Qc7
9.e4 Nf6 10.Be3 O-O 11.Qb3 Nfd7 12.Qb4 b6 13.cxb6 axb6 14.Bb5 Ba6 15.Ne2 Nc6
16.Qb1 Bxb5 17.Qxb5 Ra5 18.Qb3 Nce5 19.Rd1 Nc5 20.Bxc5 Qxc5 21.Qb4 Qc6 22.Nd4 Qc4
23.Qxc4 Nxc4 24.Ra1 Rfa8 25.Ke2 Rxa3 26.Rxa3 Rxa3 27.Rc1 Kf8 28.f4 e5 29.Kd3 Ra4
30.fxe5 Nxe5+ 31.Kd2 g6 32.Rc2 Ke7 33.Ke2 Nc4 34.Nc6+ Kd6 35.Nb4 Ke5 36.Kd3 b5
37.Rf2 Ke6 38.Kd4 Ra1 39.Kc5 Nd6 40.Re2 Rc1 41.Na2 Rh1 42.e5 Nc4 43.Kxb5 Nxe5
44.h3 f6 45.Nb4  1/2-1/2

[Event "Essent Open"]
[Site "Hoogeveen NED"]
[Date "2000.10.20"]
[Round "8"]
[White "Ulibin,M"]
[Black "Tiviakov,S"]
[Result "0-1"]
[WhiteElo "2583"]
[BlackElo "2608"]

1.d4 Nf6 2.c4 e6 3.Nc3 Bb4 4.f3 Nc6 5.e4 d5 6.cxd5 exd5 7.e5 Ng8 8.Bb5 Bd7
9.Bxc6 Bxc6 10.f4 Qd7 11.Nf3 Bxc3+ 12.bxc3 Ba4 13.Qd2 Bb5 14.Kf2 O-O-O 15.a4 Ba6
16.Ba3 h5 17.Bc5 Kb8 18.Rhe1 Nh6 19.Kg1 Rhe8 20.Rab1 Ka8 21.a5 Qf5 22.Rb2 Rb8
23.Nh4 Qg4 24.Nf3 Re6 25.h3 Qg6 26.Nh4 Qd3 27.Qf2 Qxc3 28.f5 Ree8 29.Bb4 Qc6
30.Qd2 Ng8 31.Qg5 Qh6 32.Qg3 Bc4 33.Rf2 Rbc8 34.Kh2 Bb5 35.Nf3 g6 36.e6 fxe6
37.fxg6 Nf6 38.Ne5 Ne4 39.Rxe4 dxe4 40.g7 Rg8 41.Rf8 Kb8 42.Rf7 a6 43.Nd7+ Bxd7
44.Rxd7 e3 45.Bd6 e2 46.Bxc7+ Ka8 47.Bd6 Qc1 48.Bb4 Qc6 49.Rf7 Qc4 50.Qd6 e5
51.Qe7 Rb8 52.dxe5 Rge8 53.Qf8 Rxf8 54.gxf8=Q Rxf8 55.Rxf8+ Ka7 56.Be1 Qc5
57.Rf5 b6 58.Rf7+ Kb8 59.axb6 Qxe5+ 60.Kg1 Qd4+ 61.Kh2 Qd6+ 62.Kg1 Qxb6+
63.Rf2 Qd4 64.Kh2 Qd6+ 65.g3 Qd1  0-1

[Event "TCh-FIN 00-01"]
[Site "FIN"]
[Date "2000.10.21"]
[Round "3"]
[White "Byggmastar,L"]
[Black "Kanko,I"]
[Result "1-0"]
[WhiteElo "2228"]
[BlackElo "2240"]

1.d4 Nf6 2.c4 e6 3.Nc3 Bb4 4.f3 c5 5.d5 b5 6.e4 bxc4 7.Bxc4 Nxd5 8.Bxd5 exd5
9.Qxd5 Nc6 10.Ne2 Ba6 11.Bd2 O-O 12.a3 Ba5 13.Kf2 Nd4 14.Rad1 Nxe2 15.Nxe2 Rb8
16.Rb1 Bxd2 17.Qxd2 Rb3 18.Rhd1 Qf6 19.Qc2 Rfb8 20.Nc3 d6 21.Kg1 h5 22.Nd5 Qg5
23.Kh1 h4 24.Nb4 Be2 25.Re1 Re3 26.Qd2 Bxf3 27.Rxe3 Bxg2+ 28.Qxg2 Qxe3 29.Nd5 Qd3
30.Rg1 g6 31.Nf4 Qd4 32.Nxg6 Rxb2 33.Qf3 Rf2 34.Nf4+  1-0

[Event "34th Olympiad"]
[Site "Istanbul TUR"]
[Date "2000.10.30"]
[Round "3"]
[White "Arencibia,W"]
[Black "Karttunen,M"]
[Result "1/2-1/2"]
[WhiteElo "2513"]
[BlackElo "2399"]

1.d4 Nf6 2.c4 e6 3.Nc3 Bb4 4.f3 d5 5.a3 Bxc3+ 6.bxc3 c5 7.cxd5 Nxd5 8.dxc5 Qa5
9.e4 Ne7 10.Be3 O-O 11.Qb3 Qc7 12.f4 Nd7 13.Qc4 Nc6 14.Nf3 Na5 15.Qb4 Nc6
16.Qa4 Na5 17.Qb4 Nc6 18.Qa4 Na5 19.c6 Nxc6 20.Rd1 a6 21.e5 f6 22.Bd3 b5
23.Qc2 f5 24.c4 Na5 25.cxb5 Qxc2 26.Bxc2 Nc4 27.Bc1 axb5 28.Nd4 Nc5 29.Nxb5 Ra5
30.Rd4 Nxe5 31.a4 Ned7 32.Ba3 Bb7 33.O-O Bc6 34.Nc3 Rfa8 35.Bb4 R5a7 36.Rd6 Rc8
37.Rfd1 Kf7 38.a5 Na6 39.Ba3 Nac5 40.Bb4 Na6 41.Ba3 Nac5  1/2-1/2